Movies with Letters Missing #2 - Statistics

General Stats
  • This quiz has been taken 24 times
  • The average score is 6 of 10
Answer Stats
Hint Year Movie % Correct
U_ 2009 Up
96%
T_Y_T_R_ 2 1999 Toy Story 2
91%
P_Y_H_ 1960 Psycho
83%
I_S_D_O_T 2015 Inside Out
78%
M_S_I_ R_V_R 2003 Mystic River
74%
M_R_I_G_S_O_Y 2019 Marriage Story
65%
S_U_T_R_S_A_D 2010 Shutter Island
43%
S_R_N_T_ 2005 Serenity
39%
A_I_A 1988 Akira
9%
P_A_E_T_R_O_ 2007 Planet Terror
9%
No matching quizzes found
Score Distribution
Percent of People with Each Score
Percentile by Number Answered
Your Score History
You have not taken this quiz